| 000 | 00509nmm a22001937a 4500 | ||
|---|---|---|---|
| 005 | 20160523111334.0 | ||
| 008 | 150618b xxu||||| |||| 00| 0 spa d | ||
| 041 | _aspa | ||
| 082 | _aDE 55 | ||
| 100 |
_aMora Alvarado, Jose Andrés _910151 |
||
| 245 | _aInforme de práctica supervisada realizado en MUCAP | ||
| 260 | _c2014 | ||
| 650 |
_aCOSTA RICA _910152 |
||
| 650 |
_aADMINISTRACIÓN DE EMPRESAS _9521 |
||
| 650 |
_aMUCAP _93543 |
||
| 650 |
_aMOROSIDAD _910043 |
||
| 650 |
_aCOBRO _910053 |
||
| 942 | _cIP | ||
| 999 |
_c8170 _d8170 |
||